000 00325nam a2200133Ia 4500
008 151001s9999||||xx |||||||||||||| ||und||
100 _a राणू
245 _aजलते पंख
250 _a1
260 _bमनोज पॉकेट बुक
260 _c1986
300 _a192
365 _b17
999 _c965860
_d965857